Łańcuch piłkarzy - zdjęcia #2 - Statystyki

Ogólne statystyki
  • Ten quiz został rozwiązany 97 razy
  • Średni wynik to 14 z 20
Statystyki odpowiedzi
Obrazkowy Odpowiedź % Poprawnych
Lionel Messi
100%
Neymar
96%
Harry Kane
94%
Gavi
92%
Andres Iniesta
91%
Raphael Varane
84%
Jakub Kiwior
83%
David Silva
82%
Isco
82%
Kingsley Coman
82%
Ashley Cole
61%
Mariusz Lewandowski
53%
Gary Neville
52%
Andriej Arszawin
51%
Nicolas Anelka
51%
Rico Lewis
51%
Juan Roman Riquelme
44%
Nicolas Tagliafico
40%
Christian Vieri
36%
Ariel Ortega
22%
Nie znaleziono quizów pasujących do podanych kryteriów
Rozkład punktacji
Procent ludzi z każdym wynikiem
Percentyl według liczby udzielonych odpowiedzi
Twoja historia wyników
Nie rozwiązałeś tego quizu